Cutaneous Lymphomas, Pseudolymphomas, and Related Disorders

Bibliographic Details
Main Author: Koza, Ivan, 1940-2021 (Author)
Format: Article
Language:Slovak
English
Subjects:

MARC

LEADER 00000nab a2200000 a 4500
001 vtls000205263
003 SK-MaSNL
005 20260304235404.0
008 250422c1984 xo 0 slo
015 |a SNBRB19rr/mm-uuuuu 
035 |a CL0215376 
035 |a urn:nbn:sk:snk-ab70b0 
035 |a (uuid)437cedaf-8588-4fe2-bf08-3dd9ff80b308 
035 |a (urnnbn)urn:nbn:sk:snk:ar-a06ewl 
035 |a (sysno)vtls000205263 
040 |a SNKBUCL  |b slo  |c SNKBUCL  |e AACR2 
041 0 |a eng 
044 |a xo  |c SK 
080 |a 616.5-006.44  |2 1981 
100 1 |a Koza, Ivan,  |d 1940-2021  |4 aut  |9 215569 
245 1 0 |a Cutaneous Lymphomas, Pseudolymphomas, and Related Disorders  |c I. Koza 
650 0 7 |a lymfómy  |2 snkbucl  |9 74658 
650 0 7 |a pseudolymfómy  |2 snkbucl  |9 1572841 
650 0 7 |a koža  |2 snkbucl  |9 16804 
655 7 |a články z novín a časopisov  |2 snkbucl  |9 267496 
773 0 |t Neoplasma  |g Roč. 31, č. 5 (1984), s. 619-620 
787 0 8 |i Rec.:  |a Burg, G.  |t Cutaneous Lymphomas, Pseudolymphomas, and Related Disorders  |d Berlin, Heidelberg, New York, Tokyo : Springer-Verlag, 1984 
850 |a Slovenská národná knižnica 
852 |a Slovenská národná knižnica 
958 |a article27 
958 |a RK 
958 |a MI 
958 |a OND 
958 |a EUIPO 
992 |a RBX 
999 |c 3208739  |d 3210669